书目信息 |
| 题名: |
寻找前世之流年转
|
|
| 作者: | Vivibear 著 | |
| 分册: | ||
| 出版信息: | 北京 新世界出版社 2008.01 |
|
| 页数: | 270页 | |
| 开本: | 21cm | |
| 丛书名: | 公主志 | |
| 单 册: | ||
| 中图分类: | I247.59 | |
| 科图分类: | ||
| 主题词: | 长篇小说--chang pian xiao shuo--中国--现代 | |
| 电子资源: | ||
| ISBN: | 978-7-80228-470-8 | |
| 000 | 01055nam 2200277 450 | |
| 001 | 012008601551 | |
| 005 | 20080616181216.04 | |
| 010 | @a978-7-80228-470-8@dCNY22.00 | |
| 100 | @a20080613d2008 em y0chiy0120 ea | |
| 101 | 0 | @achi |
| 102 | @aCN@b110000 | |
| 105 | @aa z 000ay | |
| 106 | @ar | |
| 200 | 1 | @a寻找前世之流年转@Axun zhao qian shi zhi liu nian zhuan@fVivibear著@FVivibear zhu |
| 210 | @a北京@c新世界出版社@d2008.01 | |
| 215 | @a270页@c图@d21cm | |
| 225 | 2 | @a公主志@Agong zhu zhi@v03 |
| 312 | @a封面题名: 再续寻找前世之旅 | |
| 330 | @a本小说描写为了寻找神秘失踪的母亲,小晚接下了帮人解决宿命纠葛的任务,踏上了穿越时空的神秘列车。在那些湮没于历史长河的古老国度中,小晚邂逅了睿智英勇的罗马将军、狂放霸气的巴比伦王,然而等待她的却是一个又一个的爱情迷局…… | |
| 410 | 0 | @12001 @a公主志 |
| 517 | 1 | @a再续寻找前世之旅@Azai xu xun zhao qian shi zhi lu |
| 606 | 0 | @a长篇小说@Achang pian xiao shuo@y中国@z现代 |
| 690 | @aI247.59@v4 | |
| 701 | 0 | @aVivibear@4著 |
| 801 | 0 | @aCN@bQSSK@c20080616 |
| 905 | @b727043-45@dI247.59@eX988@f3 | |
| 寻找前世之流年转/Vivibear著.-北京:新世界出版社,2008.01 |
| 270页:图;21cm.-(公主志;03) |
| ISBN 978-7-80228-470-8:CNY22.00 |
| 本小说描写为了寻找神秘失踪的母亲,小晚接下了帮人解决宿命纠葛的任务,踏上了穿越时空的神秘列车。在那些湮没于历史长河的古老国度中,小晚邂逅了睿智英勇的罗马将军、狂放霸气的巴比伦王,然而等待她的却是一个又一个的爱情迷局…… |
| ● |
| 相关链接 |
|
|
|
正题名:寻找前世之流年转
索取号:I247.59/X988
 
预约/预借
| 序号 | 登录号 | 条形码 | 馆藏地/架位号 | 状态 | 备注 |
| 1 | 727043 | 207270433 | 社科二线400B/400B社科库 20排2列1层/ [索取号:I247.59/X988] | 在馆 | |
| 2 | 727044 | 207270442 | 社科二线400B/400B社科库 21排4列3层/ [索取号:I247.59/X988] | 在馆 | |
| 3 | 727045 | 207270451 | 社科二线400B/400B社科库 21排4列3层/ [索取号:I247.59/X988] | 在馆 |